[Event "GER CupT prel4"]
[Site "Wolfenbuettel"]
[Date "2016.01.23"]
[Round "1.3"]
[White "Riess, Alexander"]
[Black "Oppitz, Peter"]
[Result "1/2-1/2"]
[WhiteElo "2180"]
[BlackElo "2029"]
[PlyCount "102"]
[EventDate "2016.01.23"]
[EventType "team-k.o."]
[EventRounds "2"]
[EventCountry "GER"]
[SourceTitle "EXT 2017"]
[Source "ChessBase"]
[SourceDate "2016.10.25"]
[SourceVersion "1"]
[SourceVersionDate "2016.10.25"]
[SourceQuality "1"]
[WhiteTeam "Luebeck"]
[BlackTeam "Wolfenbuettel"]
[WhiteTeamCountry "GER"]
[BlackTeamCountry "GER"]

1. d4 Nf6 2. c4 g6 3. Nc3 Bg7 4. e4 d6 5. Nf3 0-0 6. Be2 e5 7. 0-0 exd4 8. Nxd4 Re8 9. f3 Nc6 10. Be3 Nh5 11. Qd2 f5 12. Nxc6 bxc6 13. exf5 gxf5 14. Bd4 Qh4 15. Bxg7 Kxg7 16. f4 Rb8 17. Bxh5 Qxh5 18. Qd4+ Kf7 19. Qxa7 Rb7 20. Qf2 Be6 21. b3 Bd7 22. Rae1 Rbb8 23. Rxe8 Rxe8 24. Re1 Rxe1+ 25. Qxe1 Qh6 26. Qe3 Qf6 27. a4 Be6 28. h3 d5 29. cxd5 Bxd5 30. b4 Bc4 31. a5 Qd6 32. Qc5 Qxf4 33. Nd1 Qf1+ 34. Kh2 Qf4+ 35. g3 Qd2+ 36. Nf2 Bd5 37. a6 Qe2 38. a7 Qf3 39. Qxd5+ cxd5 40. a8Q Qxf2+ 41. Kh1 Qe1+ 42. Kh2 Qe2+ 43. Kg1 Qe5 44. Kh2 f4 45. gxf4 Qxf4+ 46. Kg2 Qe4+ 47. Kh2 Qe5+ 48. Kh1 Qf5 49. Kg2 h5 50. Qd8 Qe4+ 51. Kf2 Qf4+ 1/2-1/2

[Event "Niedersachsen-ch op-B"]
[Site "Verden"]
[Date "2012.01.03"]
[Round "3"]
[White "Hupe, Henning"]
[Black "Oppitz, Peter"]
[Result "1/2-1/2"]
[WhiteElo "2072"]
[BlackElo "2143"]
[PlyCount "40"]
[EventDate "2012.01.02"]
[EventType "swiss"]
[EventRounds "7"]
[EventCountry "GER"]
[SourceTitle "EXT 2021"]
[Source "ChessBase"]
[SourceDate "2020.10.23"]
[SourceVersion "1"]
[SourceVersionDate "2020.10.23"]
[SourceQuality "1"]

1. e4 Nf6 2. e5 Nd5 3. d4 d6 4. exd6 cxd6 5. c4 Nf6 6. Nf3 g6 7. Be2 Bg7 8. 0-0 0-0 9. Nc3 Bg4 10. Be3 Nc6 11. Rc1 d5 12. b3 e6 13. h3 Bxf3 14. Bxf3 h6 15. cxd5 exd5 16. Qd2 Kh7 17. Rfd1 Re8 18. Qd3 a6 19. Na4 Ne4 20. Nc5 Qe7 1/2-1/2

[Event "Werther Schloss op-A 17th"]
[Site "Werther"]
[Date "2011.04.14"]
[Round "1"]
[White "Oppitz, Peter"]
[Black "Gazic, Josip"]
[Result "0-1"]
[WhiteElo "2130"]
[BlackElo "2280"]
[PlyCount "88"]
[EventDate "2011.04.14"]
[EventType "swiss"]
[EventRounds "7"]
[EventCountry "GER"]
[SourceTitle "CBM 141 Extra"]
[Source "ChessBase"]
[SourceDate "2011.05.03"]
[SourceVersion "1"]
[SourceVersionDate "2011.05.03"]
[SourceQuality "1"]

1. e4 g6 2. d4 Bg7 3. Nc3 c5 4. Nf3 cxd4 5. Nxd4 Nc6 6. Be3 d6 7. Qd2 Nf6 8. f3 0-0 9. Bc4 Bd7 10. 0-0-0 Rc8 11. Bb3 Na5 12. Kb1 Nc4 13. Bxc4 Rxc4 14. g4 a6 15. b3 Rc8 16. h4 Re8 17. h5 Qa5 18. Nd5 Qxd2 19. Rxd2 Nxd5 20. exd5 Rc3 21. Re1 e5 22. dxe6 fxe6 23. hxg6 hxg6 24. Rd3 Rxd3 25. cxd3 e5 26. Ne2 Rf8 27. Rf1 Bxg4 28. Ng1 d5 29. Rf2 Bf5 30. Rd2 Bf6 31. Ne2 g5 32. Nc1 Kg7 33. Rg2 Kg6 34. Kc2 Be7 35. Kd1 Rc8 36. Bd2 Rh8 37. Re2 Bf6 38. Bc3 Rh1+ 39. Kc2 d4 40. Be1 Rf1 41. Bg3 Rxf3 42. Bxe5 g4 43. Bh2 Bg5 44. Be5 Rf1 0-1

[Event "Werther Schloss op-A 15th"]
[Site "Werther"]
[Date "2009.04.04"]
[Round "4"]
[White "Petkidis, Anthony"]
[Black "Oppitz, Peter"]
[Result "1/2-1/2"]
[WhiteElo "2137"]
[BlackElo "2195"]
[PlyCount "188"]
[EventDate "2009.04.02"]
[EventType "swiss"]
[EventRounds "7"]
[EventCountry "GER"]
[SourceTitle "CBM 131 Extra"]
[Source "ChessBase"]
[SourceDate "2009.09.03"]
[SourceVersion "2"]
[SourceVersionDate "2009.09.16"]
[SourceQuality "1"]

1. e4 c5 2. Nf3 e6 3. d4 cxd4 4. Nxd4 Nc6 5. Nc3 Qc7 6. Be3 a6 7. a3 Nf6 8. Be2 Be7 9. f4 d6 10. g4 d5 11. e5 Ne4 12. Nxe4 dxe4 13. h4 Bd7 14. Qd2 Rc8 15. Nb3 0-0 16. 0-0-0 Rfd8 17. Kb1 b5 18. Qc1 Na5 19. Nxa5 Qxa5 20. Rd4 Bc6 21. Rxd8+ Rxd8 22. f5 b4 23. axb4 Bxb4 24. Rd1 Rc8 25. fxe6 fxe6 26. Bc4 Bd5 27. Bxd5 exd5 28. Bd4 Be7 29. Qe3 Qc7 30. Rd2 Rf8 31. Rf2 Qc6 32. Rxf8+ Kxf8 33. Qf4+ Kg8 34. Qf5 g6 35. Qf2 Qe6 36. Qg3 Qf7 37. b3 Qf3 38. Qxf3 exf3 39. g5 Kf7 40. Kc1 Ke6 41. Kd2 Bd8 42. Ke3 Bc7 43. Kxf3 Bxe5 44. Bc5 Bc3 45. Bf2 Kf5 46. Bg3 Ke6 47. Bf2 Kd6 48. Ke2 Ke5 49. Kf3 d4 50. Bg3+ Kd5 51. Bf2 Bb2 52. Bg1 Bc1 53. Bf2 Ba3 54. Bg1 Bc5 55. Bh2 Bf8 56. Bg1 Bd6 57. Bf2 Bh2 58. Kg2 Bf4 59. Kf3 Bc1 60. Bg1 h6 61. gxh6 Bxh6 62. Bf2 Ke5 63. Bg3+ Kf5 64. Bf2 Bg7 65. Bg1 Be5 66. Bf2 Bf6 67. Bg1 d3 68. cxd3 Bxh4 69. Be3 g5 70. Bd2 g4+ 71. Kg2 Bf6 72. Be3 Bc3 73. Kg3 Be1+ 74. Kg2 Ke5 75. Kf1 Bh4 76. Kg2 Kd5 77. Bb6 Kc6 78. Bd4 Kb5 79. Bc3 Kc5 80. Kh2 Bf2 81. Kg2 Bd4 82. Bd2 Be5 83. Kf2 Kd4 84. Ke2 g3 85. Ba5 Bd6 86. Be1 g2 87. Bf2+ Kc3 88. Kf3 Kxd3 89. Kxg2 Kc3 90. Bb6 Kxb3 91. Kf3 Kc4 92. Ke2 Bf4 93. Kd1 Kb3 94. Bd8 Bh6 1/2-1/2

[Event "Werther Schloss op-A 14th"]
[Site "Werther"]
[Date "2008.03.16"]
[Round "7"]
[White "Oppitz, Peter"]
[Black "Gentemann, Moritz"]
[Result "1/2-1/2"]
[WhiteElo "2194"]
[BlackElo "2179"]
[PlyCount "25"]
[EventDate "2008.03.13"]
[EventType "swiss"]
[EventRounds "7"]
[EventCountry "GER"]
[SourceTitle "EXT 2010"]
[Source "ChessBase"]
[SourceDate "2010.11.25"]
[SourceVersion "1"]
[SourceVersionDate "2010.11.25"]
[SourceQuality "1"]

1. e4 e6 2. d4 d5 3. Nc3 Nf6 4. e5 Nfd7 5. f4 c5 6. Nf3 Nc6 7. Be3 a6 8. Qd2 b5 9. dxc5 Bxc5 10. Bxc5 Nxc5 11. Bd3 b4 12. Ne2 Qb6 13. Ned4 1/2-1/2

[Event "Werther Schloss op-A 14th"]
[Site "Werther"]
[Date "2008.03.15"]
[Round "4"]
[White "Oppitz, Peter"]
[Black "Poulsen, Iver"]
[Result "1/2-1/2"]
[WhiteElo "2194"]
[BlackElo "2157"]
[PlyCount "55"]
[EventDate "2008.03.13"]
[EventType "swiss"]
[EventRounds "7"]
[EventCountry "GER"]
[SourceTitle "EXT 2010"]
[Source "ChessBase"]
[SourceDate "2010.11.25"]
[SourceVersion "1"]
[SourceVersionDate "2010.11.25"]
[SourceQuality "1"]

1. e4 c5 2. Nf3 e6 3. d4 cxd4 4. Nxd4 Nc6 5. Nc3 Qc7 6. g3 a6 7. Bg2 Nf6 8. 0-0 Be7 9. Re1 0-0 10. a4 d6 11. h3 Bd7 12. Nxc6 Bxc6 13. Be3 b6 14. Qe2 Qb7 15. Bg5 h6 16. Bf4 Rfd8 17. Kh2 b5 18. a5 Rac8 19. f3 d5 20. exd5 Nxd5 21. Nxd5 Bxd5 22. c3 Bf6 23. Rac1 Rc4 24. Bd2 Rdc8 25. f4 Rd8 26. Be3 Rdc8 27. Bd2 Rd8 28. Be3 1/2-1/2

[Event "Werther Schloss op-A 14th"]
[Site "Werther"]
[Date "2008.03.14"]
[Round "2"]
[White "Oppitz, Peter"]
[Black "Petkidis, Anthony"]
[Result "1/2-1/2"]
[WhiteElo "2194"]
[BlackElo "2042"]
[PlyCount "91"]
[EventDate "2008.03.13"]
[EventType "swiss"]
[EventRounds "7"]
[EventCountry "GER"]
[SourceTitle "EXT 2010"]
[Source "ChessBase"]
[SourceDate "2010.11.25"]
[SourceVersion "1"]
[SourceVersionDate "2010.11.25"]
[SourceQuality "1"]

1. e4 e5 2. Nf3 Nc6 3. Bb5 a6 4. Ba4 Nf6 5. 0-0 Be7 6. Re1 b5 7. Bb3 d6 8. c3 0-0 9. h3 Na5 10. Bc2 c5 11. d4 Qc7 12. Nbd2 Nc6 13. d5 Nd8 14. Nf1 Ne8 15. Ng3 g6 16. Bh6 Ng7 17. a4 Rb8 18. axb5 axb5 19. Nh2 f6 20. Ng4 Nf7 21. Qd2 Bd7 22. Rf1 Ra8 23. f3 Qb7 24. Be3 Rxa1 25. Rxa1 Ra8 26. Rf1 Ra2 27. Bb1 Ra1 28. Nh6+ Nxh6 29. Bxh6 Qc8 30. f4 Qe8 31. fxe5 fxe5 32. Bg5 Qd8 33. Be3 Ra8 34. Bc2 Bh4 35. Rf3 Qe7 36. Nf1 Rf8 37. Nh2 Qd8 38. Bd1 Be7 39. Qf2 Rxf3 40. Bxf3 Bg5 41. Bg4 Bxe3 42. Qxe3 Bxg4 43. Nxg4 Ne8 44. Kh2 Nf6 45. Qg5 Nxg4+ 46. Qxg4 1/2-1/2

[Event "Oberliga Nord W 0405"]
[Site "Germany"]
[Date "2005.03.13"]
[Round "8.4"]
[White "Oppitz, Peter"]
[Black "Lunkmoss, Gerhard"]
[Result "0-1"]
[WhiteElo "2214"]
[BlackElo "2130"]
[PlyCount "118"]
[EventDate "2004.10.24"]
[EventType "team-tourn"]
[EventRounds "9"]
[EventCountry "GER"]
[SourceTitle "EXT 2006"]
[Source "ChessBase"]
[SourceDate "2005.11.24"]
[SourceVersion "1"]
[SourceVersionDate "2005.11.24"]
[SourceQuality "1"]
[WhiteTeam "Braunschweig"]
[BlackTeam "Bremen Nord"]
[WhiteTeamCountry "GER"]
[BlackTeamCountry "GER"]

1. e4 c5 2. Nf3 d6 3. d4 cxd4 4. Nxd4 Nf6 5. Nc3 e6 6. Be3 a6 7. Be2 Be7 8. 0-0 Qc7 9. f4 Nc6 10. a4 0-0 11. Nb3 b6 12. Qd2 Rb8 13. Rad1 Na5 14. Nxa5 bxa5 15. Rb1 Rb4 16. Bf3 Bb7 17. Qd3 Rd8 18. Rf2 Nd7 19. b3 Nc5 20. Qe2 Nxe4 21. Nxe4 Bxe4 22. Bxe4 Rxe4 23. Bb6 Qxb6 24. Qxe4 d5 25. Qd3 Bc5 26. Rbf1 g6 27. g3 Rc8 28. Kg2 Bxf2 29. Rxf2 Rc5 30. Rd2 Qc6 31. Qe2 Rc3 32. Kg1 Qc5+ 33. Qf2 Qxf2+ 34. Kxf2 Kg7 35. Ke2 Kf6 36. Kd1 g5 37. fxg5+ Kxg5 38. Rf2 f5 39. Kd2 d4 40. h4+ Kg6 41. g4 fxg4 42. Rf4 Kh5 43. Rxd4 Rc7 44. Re4 Kxh4 45. Rxe6 h5 46. Rxa6 g3 47. Rg6 Rc5 48. c3 Kh3 49. Kd3 Rf5 50. Ke4 Rf1 51. Rg5 h4 52. b4 axb4 53. cxb4 Rb1 54. b5 Rb4+ 55. Kd5 Rxa4 56. Kc6 g2 57. b6 Rb4 58. b7 Rxb7 59. Kxb7 Kh2 0-1

[Event "Oberliga Nord W 0405"]
[Site "Germany"]
[Date "2004.10.24"]
[Round "1.4"]
[White "Oppitz, Peter"]
[Black "Gabriel, Uwe"]
[Result "1-0"]
[WhiteElo "2214"]
[BlackElo "2112"]
[PlyCount "59"]
[EventDate "2004.10.24"]
[EventType "team-tourn"]
[EventRounds "9"]
[EventCountry "GER"]
[SourceTitle "EXT 2006"]
[Source "ChessBase"]
[SourceDate "2005.11.24"]
[SourceVersion "1"]
[SourceVersionDate "2005.11.24"]
[SourceQuality "1"]
[WhiteTeam "Braunschweig"]
[BlackTeam "Hannover"]
[WhiteTeamCountry "GER"]
[BlackTeamCountry "GER"]

1. e4 e5 2. Nf3 Nf6 3. Nxe5 d6 4. Nf3 Nxe4 5. d4 d5 6. Bd3 Be7 7. 0-0 Nc6 8. c4 Nf6 9. h3 0-0 10. Nc3 dxc4 11. Bxc4 Bf5 12. Bg5 h6 13. Bh4 Ne4 14. Bxe7 Qxe7 15. Re1 Rae8 16. Nxe4 Bxe4 17. Nd2 Qb4 18. a3 Qxb2 19. Rxe4 Rxe4 20. Nxe4 Rd8 21. d5 Na5 22. Ba2 b6 23. Qc1 Qe5 24. Nd2 Nb7 25. Nf3 Qf6 26. Rb1 Nc5 27. Qe3 Qf5 28. Re1 g6 29. Qxh6 Qf6 30. d6 1-0

[Event "Oberliga Nord W 0203"]
[Site "Germany"]
[Date "2003.01.12"]
[Round "4.1"]
[White "Janusch, Gerd"]
[Black "Oppitz, Peter"]
[Result "1/2-1/2"]
[WhiteElo "2208"]
[BlackElo "2205"]
[PlyCount "32"]
[EventDate "2002.10.20"]
[EventType "team"]
[EventRounds "9"]
[EventCountry "GER"]
[SourceTitle "EXT 2004"]
[Source "ChessBase"]
[SourceDate "2003.11.25"]
[SourceVersion "1"]
[SourceVersionDate "2003.11.25"]
[SourceQuality "1"]
[WhiteTeam "Bremen Nord"]
[BlackTeam "Braunschweig"]
[WhiteTeamCountry "GER"]
[BlackTeamCountry "GER"]

1. c4 e6 2. d4 d5 3. Nf3 c5 4. cxd5 exd5 5. g3 Nc6 6. Bg2 Nf6 7. 0-0 Be7 8. Nc3 0-0 9. dxc5 Bxc5 10. Bg5 d4 11. Bxf6 Qxf6 12. Ne4 Qe7 13. Nxc5 Qxc5 14. Ne1 Bg4 15. h3 Bf5 16. Nd3 Qb6 1/2-1/2

[Event "Oberliga Nord W 0203"]
[Site "Germany"]
[Date "2002.10.20"]
[Round "1.1"]
[White "Oppitz, Peter"]
[Black "Weyrich, Morten"]
[Result "1/2-1/2"]
[WhiteElo "2205"]
[BlackElo "2332"]
[PlyCount "81"]
[EventDate "2002.10.20"]
[EventType "team"]
[EventRounds "9"]
[EventCountry "GER"]
[SourceTitle "EXT 2004"]
[Source "ChessBase"]
[SourceDate "2003.11.25"]
[SourceVersion "1"]
[SourceVersionDate "2003.11.25"]
[SourceQuality "1"]
[WhiteTeam "Braunschweig"]
[BlackTeam "Hameln"]
[WhiteTeamCountry "GER"]
[BlackTeamCountry "GER"]

1. e4 e5 2. Nf3 Nc6 3. Bb5 a6 4. Ba4 d6 5. c3 Bd7 6. d4 Nge7 7. Be3 Ng6 8. h4 Be7 9. h5 Nh4 10. Nxh4 Bxh4 11. Qf3 0-0 12. d5 Nb8 13. Bxd7 Nxd7 14. Nd2 Bg5 15. Nf1 Bxe3 16. Nxe3 Qf6 17. Qxf6 Nxf6 18. f3 h6 19. Kd2 Kh7 20. Nf5 Ng8 21. g4 Rae8 22. Ke3 Ne7 23. Ng3 g6 24. Rh2 Kg7 25. Rg1 c6 26. c4 cxd5 27. cxd5 Rc8 28. Kd3 Rc5 29. Rc2 Rxc2 30. Kxc2 Rc8+ 31. Kd2 Kf6 32. Rh1 Kg5 33. hxg6 fxg6 34. Ne2 Rc5 35. Ng1 h5 36. gxh5 gxh5 37. Nh3+ Kf6 38. Nf2 Kg5 39. Nh3+ Kf6 40. Nf2 Kg5 41. Nh3+ 1/2-1/2

[Event "Oberliga Nord W 0102"]
[Site "Germany"]
[Date "2002.01.20"]
[Round "4.1"]
[White "Nimtz, Manfred"]
[Black "Oppitz, Peter"]
[Result "1-0"]
[WhiteElo "2227"]
[BlackElo "2220"]
[PlyCount "75"]
[EventDate "2001.10.07"]
[EventType "team"]
[EventRounds "9"]
[EventCountry "GER"]
[SourceTitle "EXT 2003"]
[Source "ChessBase"]
[SourceDate "2002.11.25"]
[SourceVersion "1"]
[SourceVersionDate "2002.11.25"]
[SourceQuality "1"]
[WhiteTeam "Braunschweig SC"]
[BlackTeam "Braunschweig SF"]
[WhiteTeamCountry "GER"]
[BlackTeamCountry "GER"]

1. e4 Nf6 2. e5 Nd5 3. d4 d6 4. Nf3 Bg4 5. Be2 e6 6. c4 Nb6 7. Nbd2 Nc6 8. 0-0 dxe5 9. dxe5 Be7 10. b3 0-0 11. Bb2 Bf5 12. Re1 Qd7 13. Nf1 Rfd8 14. Ng3 Bg6 15. Qc1 a5 16. Qf4 a4 17. Ne4 axb3 18. axb3 Rxa1 19. Rxa1 Nb4 20. Bc3 Nd3 21. Qe3 Nb4 22. Nc5 Nc2 23. Nxd7 Nxe3 24. Nxb6 Nc2 25. Na4 Nxa1 26. Bxa1 c5 27. Bb2 Bc2 28. Ba3 Ra8 29. Bxc5 Rxa4 30. Bxe7 Bxb3 31. Nd2 Ra1+ 32. Bf1 Bc2 33. Bg5 Bd3 34. c5 Kf8 35. Be3 Ke8 36. f3 Bb5 37. Kf2 Ra2 38. Bxb5+ 1-0

[Event "Oberliga Nord W 0001"]
[Site "Germany"]
[Date "2000.11.12"]
[Round "2.1"]
[White "Oppitz, Peter"]
[Black "Sawatzki, Frank"]
[Result "0-1"]
[WhiteElo "2250"]
[BlackElo "2306"]
[PlyCount "78"]
[EventDate "2000.10.15"]
[EventType "team"]
[EventRounds "9"]
[EventCountry "GER"]
[SourceTitle "EXT 2003"]
[Source "ChessBase"]
[SourceDate "2002.11.25"]
[SourceVersion "1"]
[SourceVersionDate "2002.11.25"]
[SourceQuality "1"]
[WhiteTeam "Braunschweig SF"]
[BlackTeam "Goettingen"]
[WhiteTeamCountry "GER"]
[BlackTeamCountry "GER"]

1. e4 c5 2. Nf3 Nc6 3. d4 cxd4 4. Nxd4 Nf6 5. Nc3 e5 6. Ndb5 d6 7. Bg5 a6 8. Na3 b5 9. Nd5 Be7 10. Bxf6 Bxf6 11. c3 Bg5 12. Nc2 0-0 13. a4 bxa4 14. Rxa4 a5 15. Bb5 Bb7 16. Nce3 Bxe3 17. Nxe3 Qb6 18. Qd3 Nd8 19. Nd5 Bxd5 20. exd5 Nb7 21. Rh4 f5 22. Qh3 h6 23. Bd7 Nc5 24. Bc6 Qxb2 25. 0-0 Ra7 26. g4 fxg4 27. Rxg4 Qe2 28. Rg6 Kh7 29. Rxd6 Ne4 30. Rd7 Rxd7 31. Bxd7 Nd2 32. Rc1 Rxf2 33. Bf5+ Kh8 34. Bg4 Nf3+ 35. Bxf3 Rxf3 36. Qc8+ Kh7 37. Ra1 Qe3+ 38. Kh1 Qe4 39. Kg1 Rf6 0-1

[Event "Oberliga Nord W 9900"]
[Site "Germany"]
[Date "1999.11.07"]
[Round "2.1"]
[White "Buchenau, Frank"]
[Black "Oppitz, Peter"]
[Result "0-1"]
[WhiteElo "2220"]
[BlackElo "2220"]
[PlyCount "94"]
[EventDate "1999.10.??"]
[EventType "team"]
[EventRounds "9"]
[EventCountry "GER"]
[SourceTitle "EXT 2003"]
[Source "ChessBase"]
[SourceDate "2002.11.25"]
[SourceVersion "1"]
[SourceVersionDate "2002.11.25"]
[SourceQuality "1"]
[WhiteTeam "Goettingen"]
[BlackTeam "Braunschweig SF"]
[WhiteTeamCountry "GER"]
[BlackTeamCountry "GER"]

1. e4 g6 2. d4 Bg7 3. Nc3 c6 4. Nf3 d5 5. Bf4 dxe4 6. Nxe4 Qa5+ 7. Bd2 Qd5 8. Nc3 Qd6 9. Bc4 Nf6 10. Qc1 Be6 11. Bf4 Qd7 12. Be2 0-0 13. 0-0 Nd5 14. Nxd5 cxd5 15. Ne5 Qc8 16. c3 Nc6 17. Qe3 Na5 18. Rfe1 Re8 19. Bb5 Rd8 20. h4 a6 21. Be2 Re8 22. h5 f6 23. Nd3 Nc4 24. Qc1 Bf7 25. hxg6 hxg6 26. Bh6 Qf5 27. g4 Qc8 28. Kg2 g5 29. Bxg7 Kxg7 30. f4 Bg6 31. f5 Bf7 32. Bf3 e6 33. fxe6 Bxe6 34. Nf2 Rh8 35. b3 Nd6 36. Qe3 Re8 37. Qd2 Qd7 38. Re2 Ne4 39. Nxe4 dxe4 40. Bxe4 Bxg4 41. Re3 Rxe4 42. Rxe4 Qd5 43. Rae1 Bf5 44. Qd3 Re8 45. Kf3 Bxe4+ 46. Rxe4 Qf5+ 47. Ke3 Qf4+ 0-1

[Event "Oberliga Nord W 9899"]
[Site "Germany"]
[Date "1999.04.18"]
[Round "9.1"]
[White "Oppitz, Peter"]
[Black "Sawadkuhi, Massoud Amir"]
[Result "1/2-1/2"]
[WhiteElo "2205"]
[BlackElo "2255"]
[PlyCount "29"]
[EventDate "1998.10.??"]
[EventType "team"]
[EventRounds "9"]
[EventCountry "GER"]
[SourceTitle "EXT 2003"]
[Source "ChessBase"]
[SourceDate "2002.11.25"]
[SourceVersion "1"]
[SourceVersionDate "2002.11.25"]
[SourceQuality "1"]
[WhiteTeam "Braunschweig SF"]
[BlackTeam "Bremen Nord"]
[WhiteTeamCountry "GER"]
[BlackTeamCountry "GER"]

1. e4 e6 2. d4 d5 3. Nc3 Bb4 4. e5 Qd7 5. Bd3 Nc6 6. a3 Bf8 7. Be3 f6 8. f4 Nh6 9. Nf3 b6 10. Qe2 Bb7 11. 0-0-0 0-0-0 12. Rhe1 f5 13. Ba6 Nb8 14. Bxb7+ Kxb7 15. h3 1/2-1/2